00312nam a2200133Ia 4500008004100000041000800041082001500049100001300064245004600077260001800123300000800141365001600149700001300165230718s9999 xx 000 0 und d aeng a204.4bTOL aTolle E. aNew Earth Awakening To Your Lifes Purpose c2005bPengain a309 cRs.b287.00 aTolle E.